000 01144cam a2200349 i 4500
001 18744415
005 20221228164111.0
008 221228s2015 enk f b 001 0 eng
010 _a 2014482732
020 _a9781859465455 (pbk.)
035 _a(Uk-RwCLS)uk30337368
040 _aDLC
041 _aeng
042 _apcc
043 _ae-uk-en
050 0 0 _a692.8 LUP
100 1 _aLupton, Sarah,
_eauthor.
245 1 0 _aGuide to the RIBA domestic and concise building contracts 2014 /
_cSarah Lupton.
246 3 _aGuide to the Royal Institute of British Architects domestic and concise building contracts 2014
264 1 _aNewcastle upon Tyne :
_bRIBA Publishing,
_c2015.
300 _ax, 116 pages ;
_c25 cm
336 _atext
_2rdacontent
337 _aunmediated
_2rdamedia
338 _avolume
_2rdacarrier
504 _aIncludes bibliographical references and index.
650 0 _aArchitectural contracts
_zEngland.
651 _aUnited Kingdom
690 _96232
_aContracts
906 _a7
_bcbc
_corigres
_d2
_encip
_f20
_gy-gencatlg
942 _n0
999 _c121288
_d121288